| 000 | 009300000a22001930004500 | ||
|---|---|---|---|
| 041 | 0 | _aSPA | |
| 082 | 0 | 4 | _aG 189.5 G9847m |
| 100 | 1 | _aGutiérrez Marín, Claudio | |
| 245 | 1 | 0 | _aMísticos españoles del siglo 16 : Consideraciones sobre el Misticismo. Biografías, literatura e idearios de Juan de Avila, Luis de Granada, Teresa de Jesús, Luis de León, Juan de la Cruz, Juan de Valdés y Constantino Ponce de la Fuente / Cl. Gutiérrez Marín |
| 260 | _aMéxico D.F., México : Casa Unida de Publicaciones | ||
| 300 | _a241 Pag. | ||
| 505 | 0 | 0 | _aconsideraciones sobre el misticismo -- galería mística -- Juan de Ávila -- Luis de Granada -- Teresa de Jesús -- Luis de León -- Juan de la Cruz -- Juan de Valdés -- Constantino Ponce de la Fuente |
| 650 | 1 | 4 | _aMISTICISMO |
| 001 | 1398 | ||
| 942 | _cBK | ||
| 999 |
_c32721 _d32721 |
||
| 336 |
_atexto _btxt _2rdacontent |
||
| 337 |
_2rdamedia _asin mediación _bn |
||
| 338 |
_2rdacarrier _avolumen _bnc |
||